000 00870cam a2200277 a 4500
001 000004667
005 20200929151458.0
008 920618s1992 sp 000 0 spa
020 _a8427016883
040 _aDO-SdBNP
_bspa
_cBNPHU
082 _a843.914
_bJ19e
100 1 _aJacq, Christian
_d1947-
_913608
240 1 0 _aL'affaireToutankhamon.
_lFrancés
245 1 0 _aEn busca de Tutankamón /
_cChristian Jacq ; traducción de Manuel Serrat Crespo.
260 _aBarcelona :
_bMartínez Roca,
_c1992.
300 _a350 p. ;
_c24 cm.
490 1 _aNovela histórica
534 _pTítulo original :
_tL'affaireToutankhamon
650 4 _aNovela francesa
_91075
650 4 _aLiteratura francesa
_91074
700 1 _aSerrat Crespo, Manuel,
_etr.
_95324
830 0 _aNovela histórica
_910544
910 _aCatalogación derivada
910 _aWM
049 _aBNGR
999 _c4473
_d4473